An examination of the claims of Ishmael as viewed by Muhammadans : (Record no. 9997)
[ view plain ]
| 000 -LEADER | |
|---|---|
| fixed length control field | 01395cam a2200337 a 4500 |
| 001 - CONTROL NUMBER | |
| control field | 9997 |
| 003 - CONTROL NUMBER IDENTIFIER | |
| rucl marc code | BD-RjUL |
| 005 - DATE AND TIME OF LATEST TRANSACTION | |
| control field | 20211208234857.0 |
| 008 - FIXED-LENGTH DATA ELEMENTS--GENERAL INFORMATION | |
| fixed length control field | 040121s1884 ii 001 0 eng d |
| 035 ## - SYSTEM CONTROL NUMBER | |
| System control number | (BD-RjUL)10044 |
| 040 ## - CATALOGING SOURCE | |
| Original cataloging agency | BD-RjUL |
| Language of cataloging | eng |
| Transcribing agency | BD-RjUL |
| Modifying agency | BD-RjUL |
| 041 ## - LANGUAGE CODE | |
| Language code of text/sound track or separate title | eng |
| 082 ## - DEWEY DECIMAL CLASSIFICATION NUMBER | |
| Edition number | 23 |
| Classification number | 297 |
| Author mark and year | BAE 1884 |
| 100 1# - MAIN ENTRY--PERSONAL NAME | |
| Personal name | Bate, J. D. |
| Fuller form of name | (John Drew), |
| Dates associated with a name | 1836-1924 |
| 9 (RLIN) | 221776 |
| 245 13 - TITLE STATEMENT | |
| Title | An examination of the claims of Ishmael as viewed by Muhammadans : |
| Remainder of title | (being the first chapter of section I. of Studies in Islam) / |
| Statement of responsibility, etc. | by J.D. Bate. |
| 246 33 - VARYING FORM OF TITLE | |
| Title proper/short title | Studies in Islam |
| Title proper/short title | Claims of Ishmael |
| 260 ## - PUBLICATION, DISTRIBUTION, ETC. (IMPRINT) | |
| Place of publication, distribution, etc. | Banâras : |
| Name of publisher, distributor, etc. | E.J. Lazarus and Co., |
| Date of publication, distribution, etc. | 1884. |
| 300 ## - PHYSICAL DESCRIPTION | |
| Pagination | xiii, 352, xix p. ; |
| Size | 24 cm. |
| 490 ## - SERIES STATEMENT | |
| Series statement | The missionary's vade-mecum ; |
| Volume/sequential designation | First series. |
| 500 ## - GENERAL NOTE | |
| General note | At head of title page: The missionary's vade-mecum:- first series. |
| General note | Spine title: Studies in Islam. The claims of Ishmael. |
| General note | With an advertisement for works by the author and 48 pages of advertisements for works published by W.H. Allen. |
| 600 00 - SUBJECT ADDED ENTRY--PERSONAL NAME | |
| Personal name | Ishmael |
| Titles and other words associated with a name | (Biblical figure) |
| General subdivision | In the Qurʼan. |
| Personal name | Muḥammad, |
| Titles and other words associated with a name | Prophet, |
| Dates associated with a name | -632. |
| 650 #0 - SUBJECT ADDED ENTRY--TOPICAL TERM | |
| Topical term or geographic name as entry element | Islam |
| General subdivision | Doctrines. |
| 9 (RLIN) | 221779 |
| Topical term or geographic name as entry element | Islam |
| General subdivision | Relations |
| -- | Judaism. |
| 9 (RLIN) | 221780 |
| Topical term or geographic name as entry element | Islam |
| General subdivision | Relations |
| -- | Christianity. |
| 9 (RLIN) | 221781 |
| 830 #0 - SERIES ADDED ENTRY--UNIFORM TITLE | |
| Uniform title | Missionary's vade-mecum |
| Volume number/sequential designation | First series. |
| 942 ## - ADDED ENTRY ELEMENTS (KOHA) | |
| Source of classification or shelving scheme | Dewey Decimal Classification |
| Koha item type | Rare Books |
| Lost status | Source of classification or shelving scheme | Damaged status | Not for loan | Collection code | Permanent Location | Current Location | Shelving location | Date acquired | Total Checkouts | Full call number | Date last seen | Copy number | Koha item type |
|---|---|---|---|---|---|---|---|---|---|---|---|---|---|
| Dewey Decimal Classification | Not For Loan | Rare Books | Central Library, University of Rajshahi | Central Library, University of Rajshahi | Rare Book Section | 18/07/2018 | RA 297 BAE 1884 | 18/07/2018 | C-1 | Rare Books |